<?xml version="1.0" encoding="UTF-8"?>
<record
    xmlns:xsi="http://www.w3.org/2001/XMLSchema-instance"
    xsi:schemaLocation="http://www.loc.gov/MARC21/slim http://www.loc.gov/standards/marcxml/schema/MARC21slim.xsd"
    xmlns="http://www.loc.gov/MARC21/slim">

  <leader>00846cam a22002051  4500</leader>
  <controlfield tag="001">000002533</controlfield>
  <controlfield tag="005">20200929150217.0</controlfield>
  <controlfield tag="008">721213s1945    nyu           000 0 eng  </controlfield>
  <datafield tag="040" ind1=" " ind2=" ">
    <subfield code="a">DO-SdBNP</subfield>
    <subfield code="c">BNPHU</subfield>
    <subfield code="b">spa</subfield>
  </datafield>
  <datafield tag="082" ind1=" " ind2=" ">
    <subfield code="a">xx</subfield>
    <subfield code="b">xx</subfield>
  </datafield>
  <datafield tag="245" ind1="0" ind2="0">
    <subfield code="a">Marcus Aurelius and his times :</subfield>
    <subfield code="b">the transition from paganism to christianity /</subfield>
    <subfield code="c">selecci&#xF3;n, Walter Pater With ; introducc&#xED;on, Irwin Edman.</subfield>
  </datafield>
  <datafield tag="260" ind1=" " ind2=" ">
    <subfield code="a">New York :</subfield>
    <subfield code="b">Classics Club by Walter J. Black,</subfield>
    <subfield code="c">1945.</subfield>
  </datafield>
  <datafield tag="300" ind1=" " ind2=" ">
    <subfield code="a">viii, 306 p. ;</subfield>
    <subfield code="c">20 cm.</subfield>
  </datafield>
  <datafield tag="650" ind1=" " ind2="0">
    <subfield code="a">Philosophy, ancient.</subfield>
    <subfield code="9">7955</subfield>
  </datafield>
  <datafield tag="700" ind1="0" ind2="1">
    <subfield code="a">Aurelius, Marcus,</subfield>
    <subfield code="c">Emperador de Roma,</subfield>
    <subfield code="d">121-180.</subfield>
    <subfield code="t">Meditations.</subfield>
    <subfield code="l">English.</subfield>
    <subfield code="9">7956</subfield>
  </datafield>
  <datafield tag="700" ind1="0" ind2="1">
    <subfield code="a">Lucian,</subfield>
    <subfield code="c">de Samosata.</subfield>
    <subfield code="9">7957</subfield>
  </datafield>
  <datafield tag="700" ind1="0" ind2="1">
    <subfield code="a">Martyr, Justin,</subfield>
    <subfield code="c">Martyr, Saint.</subfield>
    <subfield code="9">7958</subfield>
  </datafield>
  <datafield tag="700" ind1="0" ind2="1">
    <subfield code="a">Pater, Walter,</subfield>
    <subfield code="d">1839-1894.</subfield>
    <subfield code="t">Marius the Epicurean.</subfield>
    <subfield code="9">7959</subfield>
  </datafield>
  <datafield tag="700" ind1="0" ind2="1">
    <subfield code="a">Edman, Irwin,</subfield>
    <subfield code="d">1896-1954.</subfield>
    <subfield code="e">introd.</subfield>
    <subfield code="9">7960</subfield>
  </datafield>
  <datafield tag="952" ind1=" " ind2=" ">
    <subfield code="0">0</subfield>
    <subfield code="1">0</subfield>
    <subfield code="5">2</subfield>
    <subfield code="7">0</subfield>
    <subfield code="8">MO</subfield>
    <subfield code="a">GR</subfield>
    <subfield code="b">GR</subfield>
    <subfield code="c">CT</subfield>
    <subfield code="d">2009-09-14</subfield>
    <subfield code="i">LF1</subfield>
    <subfield code="l">0</subfield>
    <subfield code="o">xx xx</subfield>
    <subfield code="p">2533-10</subfield>
    <subfield code="r">2020-06-25</subfield>
    <subfield code="w">2020-06-25</subfield>
    <subfield code="y">2</subfield>
    <subfield code="Z">Pr&#xE9;stamo interno</subfield>
  </datafield>
  <datafield tag="999" ind1=" " ind2=" ">
    <subfield code="c">2369</subfield>
    <subfield code="d">2369</subfield>
  </datafield>
</record>
